000 00656nam a2200253 a 4500
001 0001-1129
003 ELIB.Books
008 150504 2010 eng
020 _a0192830574
035 _a(ELIB.Books)0001-1284
092 _a226.6
_bNei
100 _aNeill, Stephen.
245 _aThe Interpretation of the New Testament 1861-1986
250 _aNew Edition
260 _aOxford
_bOxford University Press
_c1963
300 _a462
_c20 Cm
500 _aC/o Moe Lwei
650 _aNew Testament
856 _nKBTS: Library
_uKBTS: Elib
942 _2ddc
_cBK
990 _a1
998 _cbat
_e2015-05-04
999 _c11129
_d11129